|
|
|
|
| LEADER |
00000cam a2200000 7i4500 |
| 001 |
0000008269 |
| 005 |
20080401093000.0 |
| 008 |
021119n |
| 090 |
0 |
0 |
|a PJ6074
|b .C67 1990 ff
|
| 245 |
0 |
0 |
|a Computers and the Arabic language
|c edited by Pierre Mackay
|
| 260 |
2 |
|
|a New York :
|b Hemisphere ,
|c 1990
|
| 300 |
|
|
|a xii, 244 p. ; ;
|c 29 cm.
|
| 501 |
|
|
|a Based on papers from a summer session of the Arab School of Science and Technology held near Damascus, July 1985
|
| 504 |
|
|
|a Includes index
|
| 650 |
|
0 |
|a Arabic language
|x Data processing
|v Congresses
|
| 650 |
|
0 |
|a Computational linguistics
|x Congresses
|
| 650 |
|
0 |
|a Microcomputers
|x Programming
|x Congresses
|
| 700 |
0 |
|
|a Mackay, Pierre ,
|e author
|
| 710 |
0 |
0 |
|a Arab School of Science and Technology Session (1985 : Damascus, Syria)
|
| 999 |
|
|
|a 1000047218
|b Book
|c Close Access
|e Gong Badak Campus
|